000 00278nam a22001217a 4500
008 170421b xxu||||| |||| 00| 0 eng d
041 _aeng
080 _23 ED
_a573
100 _a11
101 _aSHM
245 _aBIOLOGY THE DYNAMIC SCIENCE
_cNCMILLAN.R.H
942 _2udc
_cBK
999 _c11568
_d11568